• 首页
  • 本馆介绍
  • 公告通知
  • 最新文献
  • 馆藏检索
  • 电子资源
  • 读者导购
  • 参考咨询
  • 我的图书馆
  • 登录
  • 详细信息显示
  • 放入我的书架
  • 预约/预借图书
  • 作者相关作品
  • 分类相关作品
  • 丛书相关作品
  • 出版社相关作品

书目信息

  • 表格格式
  • 工作单格式
  • 卡片格式
题名:
深入浅出 Windows 注册表
    
 
作者: 李永 编著
分册:  
出版信息: 北京   国防工业出版社  2003.01
页数: 411页
开本: 26cm
丛书名:
单 册:
中图分类: TP316.7
科图分类:
主题词: 软件
电子资源:
ISBN: 7-118-02960-2
000 00553nam0 2200193 450
001 0332007877
005 20031225085327.83
010    @a7-118-02960-2@dCNY35.00
100    @a20031225d2003 km y0chiy0120 ea
101 0  @achi
102    @aCN@b110000
200 1  @a深入浅出 Windows 注册表@Ashen ru qian chu Windows zhu ce biao@f李永编著@Fli yong bian zhu
210    @a北京@c国防工业出版社@d2003.01
215    @a411页@d26cm
606 0  @a软件
690    @aTP316.7@v4
701  0 @a李永@Ali yong@4编著
801  0 @aCN@bPFT@c20031225
905    @aBZT@dTP316.7@e13@f6
    
    深入浅出 Windows 注册表/李永编著.-北京:国防工业出版社,2003.01
    411页;26cm
    
    
    ISBN 7-118-02960-2:CNY35.00
    
●
相关链接 在五车中查询图书 在当当中查询图书 在豆瓣中查询图书


正题名:深入浅出 Windows 注册表     索取号:TP316.7/13         预约/预借

序号 登录号 条形码 馆藏地/架位号 状态 备注
1 0350078   201333805   样本书库/样004架B面4层3列/ [索取号:TP316.7/13] 在馆    
2 0350079   201333814   中心书库中库/ 中库027架B面7列1层20/ [索取号:TP316.7/13] 在馆    
3 0350080   201333832   中心书库中库/ 中库027架B面7列1层19/ [索取号:TP316.7/13] 在馆    
4 0350081   201333823   中心书库中库/ 中库027架B面7列1层21/ [索取号:TP316.7/13] 在馆    
5 0350082   201333850   中心书库中库/ 中库027架B面7列1层17/ [索取号:TP316.7/13] 在馆    
6 0350083   201333841   中心书库中库/ 中库027架B面7列1层18/ [索取号:TP316.7/13] 在馆    
山东省滨州职业学院图书馆 欢迎您!
大连网信软件有限公司© 版权所有